000 00751nam a2200193 i 4500
001 79163
003 ES-MaACL
005 20250811071520.0
007 t|
008 041020s1946 sp ||||1| spa d
100 1 _aHernández Gil, Antonio,
_d1915-1994
_962943
245 1 3 _aEl testamento militar
_b: (en torno a un sistema hereditario militar romano) /
_cAntonio Hernández Gil.
260 _aMadrid :
_bMinisterio de Justicia :
_bConsejo Superior de Investigaciones Científicas,
_c1946 (
_fGonzález)
300 _a241 p. ;
_c20 cm.
710 1 _aEspaña.
_bMinisterio de Justicia
_93895
710 2 _aConsejo Superior de Investigaciones Científicas (España)
_93236
852 _aES-MaACL
_jE-2043
_bR.23016
999 _c79163
_d79163